01401nam a2200361Ia 4500001001200000003000800012006001900020007001500039008004100054010001700095020001500112020002200127020001500149040002100164035002000185050002300205100001700228245013000245260004600375300001600421490003500437504006600472533015200538650002800690650002600718650002900744650003400773655002900807710001700836830004300853856012600896999001701022ebr10060602CaPaEBRm u cr cn|||||||||911108t1991 enk sb 001 0 eng d z 90344001  z0203448502 z1850008132 (pbk.) z1850008140 aCaPaEBRcCaPaEBR a(OCoLC)5388645514aGN345b.E48 1991eb1 aEly, Margot.10aDoing qualitative researchh[electronic resource] :bcircles within circles /cMargot Ely ; with Margaret Anzul ... [et al.]. aLondon ; New York :bFalmer Press,c1991. avii, 245 p.1 aFalmer Press teachers' library aIncludes bibliographical references (p. 233-238) and indexes. aElectronic reproduction.bPalo Alto, Calif. :cebrary,d2009.nAvailable via World Wide Web.nAccess may be limited to ebrary affiliated libraries.00aEthnologyxMethodology.00aEthnologyxFieldwork.00aParticipant observation.00aSocial sciencesxMethodology. 7aElectronic books.2local2 aebrary, Inc. 0aFalmer Press teachers' library series.40uhttp://site.ebrary.com/lib/rucke/Doc?id=10060602zAn electronic book accessible through the World Wide Web; click to view c46085d46085